|
|
|
|
| LEADER |
00000nas a2200000 a 4500 |
| 001 |
ssj0000133 |
| 003 |
WaSeSS |
| 005 |
20200512172242.0 |
| 006 |
m d |
| 007 |
cr n |
| 008 |
980414c19439999vaumn pss 0 a0eng c |
| 010 |
|
|
|a 2008202023
|
| 022 |
|
|
|a 1943-5878
|l 0013-1784
|y 0013-1784
|
| 035 |
|
|
|a (WaSeSS)ssj0000133
|
| 037 |
|
|
|b Association for Supervision and Curriculum Development, 1703 N. Beauregard St., Alexandria, VA 22311-1714
|
| 040 |
|
|
|a FGA
|b eng
|c FGA
|d OCL
|d OCLCQ
|d DLC
|d OCLCQ
|d OCLCE
|d CO3
|d OCLCQ
|d OCLCA
|d OCLCQ
|d OCLCA
|d OCLCF
|d OCLCO
|d VT2
|d OCLCQ
|d WaSeSS
|
| 042 |
|
|
|a pcc
|a nsdp
|
| 050 |
1 |
4 |
|a L11
|
| 082 |
1 |
0 |
|a 370.5
|2 14
|
| 130 |
0 |
|
|a Educational leadership (Online)
|
| 222 |
|
0 |
|a Educational leadership
|b (Online)
|
| 245 |
1 |
0 |
|a Educational leadership
|h [electronic resource].
|
| 260 |
|
|
|a Alexandria, VA :
|b Association for Supervision and Curriculum Development
|
| 310 |
|
|
|a Monthly (Sept.-May, except bimonthly Dec./Jan.),
|b <Sept. 1987>-
|
| 321 |
|
|
|a Monthly (except June-Sept.)
|
| 362 |
1 |
|
|a Print began with vol. 1, no. 1 (Oct. 1943).
|
| 506 |
|
|
|a License restrictions may limit access.
|
| 538 |
|
|
|a Mode of access: World Wide Web.
|
| 550 |
|
|
|a Journal of the Department of Supervision and Curriculum Development, N.E.A.
|
| 580 |
|
|
|a Formed by the union of: Educational method (Online); and: Curriculum journal (Online).
|
| 588 |
|
|
|a Description based on: Vol. 52, issue 5 (Feb 1995); title from available issues screen (viewed Apr. 14, 1998).
|
| 588 |
|
|
|a Latest issue consulted: Vol. 65 (summer 2008) (publisher's Web site, viewed Aug. 15, 2008).
|
| 650 |
|
0 |
|a Education
|v Periodicals.
|
| 650 |
|
6 |
|a Éducation
|v Périodiques.
|
| 650 |
|
7 |
|a Education.
|2 fast
|0 (OCoLC)fst00902499
|
| 650 |
1 |
7 |
|a Onderwijs.
|2 gtt
|
| 650 |
1 |
7 |
|a Leerkrachten.
|2 gtt
|
| 655 |
|
0 |
|a Electronic journals.
|
| 710 |
2 |
|
|a National Education Association of the United States.
|b Department of Supervision and Curriculum Development.
|
| 776 |
1 |
|
|t Educational leadership
|x 0013-1784
|w (DLC) 46041369
|w (OCoLC)2576039
|
| 780 |
1 |
4 |
|t Educational method (Online)
|
| 780 |
1 |
4 |
|t Curriculum journal (Online)
|
| 787 |
1 |
|
|t Best of educational leadership (Online)
|
| 856 |
4 |
0 |
|z Full text available from Research Library: 02/01/1988 to 12/31/1999
|u https://search.proquest.com/publication/42108
|